Normal view
MARC view
- Kormandy, Edward J
Entry Personal Name
001 - CONTROL NUMBER
- control field: 6632
003 - CONTROL NUMBER IDENTIFIER
- control field: OSt
005 - DATE AND TIME OF LATEST TRANSACTION
- control field: 20241227102420.0
008 - FIXED-LENGTH DATA ELEMENTS
- fixed length control field: 241227|| aca||aabn | a|a d
040 ## - CATALOGING SOURCE
- Original cataloging agency: OSt
- Transcribing agency: OSt
100 ## - HEADING--PERSONAL NAME
- Personal name: Kormandy, Edward J
670 ## - SOURCE DATA FOUND
- Source citation: Work cat.: (OSt)7161: Kormandy, Edward J ., Concepts of ecology / , 2001.
